Earth could be fair
保存先:
| 第一著者: | |
|---|---|
| フォーマット: | 図書 |
| 言語: | Undetermined |
| 出版事項: |
New York
The Dial Press
1964
|
| 主題: | |
| タグ: |
タグ追加
タグなし, このレコードへの初めてのタグを付けませんか!
|
| Thư viện lưu trữ: | Trung tâm Học liệu Trường Đại học Cần Thơ |
|---|
| LEADER | 00582nam a2200205Ia 4500 | ||
|---|---|---|---|
| 001 | CTU_82424 | ||
| 008 | 210402s9999 xx 000 0 und d | ||
| 082 | |a 914.92 | ||
| 082 | |b P111 | ||
| 100 | |a Paassen, Pierre Van | ||
| 245 | 0 | |a Earth could be fair | |
| 245 | 0 | |c Pierre Van Paassen | |
| 260 | |a New York | ||
| 260 | |b The Dial Press | ||
| 260 | |c 1964 | ||
| 650 | |a World war, 1939-1945,Gorinchem (netherlands) | ||
| 650 | |x Gorinchem,Social life and customs | ||
| 650 | |z Netherlands | ||
| 904 | |i Mai Loan,Hải | ||
| 980 | |a Trung tâm Học liệu Trường Đại học Cần Thơ | ||